Toutes les communes de l'eurométropole de Strasbourg - Statistiques

Statistiques générales
  • Ce quiz a été pris 248 fois
  • Le résultat moyen est 16 sur 33
Statistiques - réponses
Population Ville % Correct
284 677 Strasbourg
93%
26 830 Illkirch-Graffenstaden
89%
33 069 Schiltigheim
88%
18 930 Lingolsheim
80%
17 137 Bischheim
73%
5 817 Vendenheim
66%
11 145 Hoenheim
65%
7 605 Geispolsheim
60%
12 586 Ostwald
59%
5 838 La Wantzenau
56%
4 767 Mundolsheim
56%
5 398 Oberhausbergen
55%
6 986 Eckbolsheim
54%
2 422 Entzheim
54%
5 372 Eschau
49%
8 005 Souffelweyersheim
49%
2 035 Mittelhausbergen
46%
4 174 Wolfisheim
45%
5 736 Fegersheim
44%
1 657 Niederhausbergen
43%
4 406 Reichstett
40%
3 351 Lampertheim
38%
4 493 Plobsheim
38%
2 632 Lipsheim
34%
2 145 Achenheim
33%
3 696 Holtzheim
31%
2 290 Oberschaeffolsheim
29%
1 307 Blaesheim
23%
1 339 Eckwersheim
23%
1 283 Breuschwickersheim
20%
1 601 Hangenbieten
19%
820 Osthoffen
17%
961 Kolbsheim
16%
Aucun quiz correspondant
Distribution des résultats
% des personnes avec chaque résultat
Percentile par nombre de réponses
Votre historique - résultats
Vous n’avez pas pris ce quiz